000 01337nam a22003017a 4500
001 BD-DhSAU 8550
003 BD-DhSAU
005 20181223153243.0
008 150420b2009 bg ||||| m||| 000 0 eng d
040 _aBD-DhSAU
082 _222
_a...
_b...
100 _aKhandker, Sharifur Rahman
_eRegistration # 04-01385
245 _aDevelopment of salt tolerant transgenic mesta (Hibiscus sabdariffa L.) plant through agrobacterium and embryogenesis /
_bMS thesis
_cSharifur Rahman Khandker
260 _aSher-e-Bangla Agricultural Universities :
_bDepartment of Genetics and Plant Breeding,
_c2009.
300 _axvi,82 p. ;
_c30 cm.
_bill. ;
500 _aMS thesis of Department of Genetics and Plant Breeding, Faculty of Agriculture, Sher-e-Bangla Agricultural University, Dhaka, Bangladesh
590 _aerfat
650 _aGenetics and Plant Breeding.
650 _aDevelopment of salt tolerant transgenic mesta (Hibiscus sabdariffa L.) plant through
650 _aAgrobacterium and embryogenesis /
650 _a(Hibiscus cannabinus L.)
650 _aAgrobacterium vector.
650 _aBrassica rapa
700 _aKhatun, Asma
_eSuperviser
700 _aBhuiyan, Md Shahidur Rashid
_eCo-superviser
856 _uhttp://archive.saulibrary.edu.bd:8080/xmlui/handle/123456789/714
942 _2ddc
_cTHESIS
999 _c8550
_d8550